Estructura y perspectivas de la industria de alimentos en México /
Αποθηκεύτηκε σε:
| Κύριος συγγραφέας: | |
|---|---|
| Άλλοι συγγραφείς: | , |
| Μορφή: | Κείμενο |
| Θέματα: | |
| Ετικέτες: |
Προσθήκη ετικέτας
Δεν υπάρχουν, Καταχωρήστε ετικέτα πρώτοι!
|
MARC
| LEADER | 00000 a a2200000 04500 | ||
|---|---|---|---|
| 001 | 3545 | ||
| 003 | |||
| 040 | |||
| 100 | |a Castañón, Rosario | ||
| 245 | |a Estructura y perspectivas de la industria de alimentos en México / |c Rosario Castañón | ||
| 650 | |a INDUSTRIA ALIMENTARIA | ||
| 650 | |a POLITICA GUBERNAMENTAL | ||
| 650 | |a PRODUCCION ALIMENTARIA | ||
| 650 | |a CAMBIO ECONOMICO | ||
| 650 | |a INDICES DE PRODUCCION | ||
| 700 | |a Solleiro, José Luis | ||
| 700 | |a Valle, María del Carmen del | ||
| 773 | |g volumen 53, número 2; páginas 114-127 | ||
| 999 | |c 23166 |d 23166 | ||
